[Event "Blitz 2018"]
[Site "Saint-Petersburg"]
[Date "2018.12.29"]
[Round "8"]
[Board "84"]
[White "Piorun Kacper (POL)"]
[Black "Pogosyan Stefan (RUS)"]
[Result "1-0"]
[LiveChessVersion "1.4.8"]
[BlackElo "2330"]
[WhiteElo "2646"]

1. e4 {[%clk 0:03:01]} e5 {[%clk 0:03:03]} 2. Nf3 {[%clk 0:03:02]} Nc6
{[%clk 0:03:04]} 3. Bc4 {[%clk 0:03:04]} Nf6 {[%clk 0:03:05]} 4. d3
{[%clk 0:03:04]} Be7 {[%clk 0:03:06]} 5. O-O {[%clk 0:02:58]} O-O
{[%clk 0:03:07]} 6. Re1 {[%clk 0:02:59]} d6 {[%clk 0:03:08]} 7. a4
{[%clk 0:03:00]} Be6 {[%clk 0:03:04]} 8. Bxe6 {[%clk 0:02:51]} fxe6
{[%clk 0:03:05]} 9. Nbd2 {[%clk 0:02:53]} Qe8 {[%clk 0:03:01]} 10. c3
{[%clk 0:02:50]} Nh5 {[%clk 0:03:00]} 11. Nf1 {[%clk 0:02:46]} Qg6
{[%clk 0:02:49]} 12. h3 {[%clk 0:02:17]} a6 {[%clk 0:02:44]} 13. N1h2
{[%clk 0:02:13]} Rf7 {[%clk 0:02:24]} 14. b4 {[%clk 0:01:48]} Rff8
{[%clk 0:01:18]} 15. Ra2 {[%clk 0:01:27]} Nf4 {[%clk 0:01:02]} 16. Bxf4
{[%clk 0:01:26]} exf4 {[%clk 0:01:03]} 17. d4 {[%clk 0:01:23]} Qf7
{[%clk 0:00:18]} 18. Qb3 {[%clk 0:00:51]} a5 {[%clk 0:00:11]} 19. b5
{[%clk 0:00:42]} Nd8 {[%clk 0:00:11]} 20. e5 {[%clk 0:00:43]} d5 {[%clk 0:00:08]}
21. c4 {[%clk 0:00:45]} dxc4 {[%clk 0:00:07]} 22. Qxc4 c6 23. Nf1
{[%clk 0:00:33]} Bb4 {[%clk 0:00:10]} 24. Rc1 {[%clk 0:00:26]} Qd7
{[%clk 0:00:11]} 25. bxc6 {[%clk 0:00:20]} Qxc6 {[%clk 0:00:09]} 26. N1d2
{[%clk 0:00:16]} Qxc4 {[%clk 0:00:09]} 27. Nxc4 Nc6 {[%clk 0:00:11]} 28. Rd1
{[%clk 0:00:08]} Rad8 {[%clk 0:00:12]} 29. Raa1 {[%clk 0:00:09]} h6
{[%clk 0:00:12]} 30. h4 {[%clk 0:00:09]} g6 {[%clk 0:00:11]} 31. Rd3
{[%clk 0:00:09]} Rd5 {[%clk 0:00:11]} 32. Rad1 {[%clk 0:00:09]} Rfd8
{[%clk 0:00:13]} 33. Nb6 {[%clk 0:00:10]} Kf7 {[%clk 0:00:08]} 34. Kf1
{[%clk 0:00:08]} Ne7 {[%clk 0:00:06]} 35. Nxd5 {[%clk 0:00:06]} Nxd5
{[%clk 0:00:07]} 36. Rc1 Rd7 {[%clk 0:00:07]} 37. Nd2 {[%clk 0:00:07]} Nb6
{[%clk 0:00:07]} 38. Ra1 {[%clk 0:00:05]} Rc7 {[%clk 0:00:06]} 39. Ne4
{[%clk 0:00:05]} Rc2 {[%clk 0:00:07]} 40. Nc5 {[%clk 0:00:05]} Nc4
{[%clk 0:00:05]} 41. Nxb7 {[%clk 0:00:04]} Nd2+ {[%clk 0:00:06]} 42. Kg1
{[%clk 0:00:06]} Ne4 {[%clk 0:00:07]} 43. Rf3 {[%clk 0:00:05]} g5
{[%clk 0:00:09]} 44. hxg5 {[%clk 0:00:05]} hxg5 {[%clk 0:00:10]} 45. Nd6+
{[%clk 0:00:06]} Nxd6 {[%clk 0:00:08]} 46. exd6 {[%clk 0:00:07]} Bxd6
{[%clk 0:00:09]} 47. Rd1 {[%clk 0:00:03]} Rc4 {[%clk 0:00:10]} 48. g3
{[%clk 0:00:04]} Rxa4 {[%clk 0:00:11]} 49. gxf4 gxf4 {[%clk 0:00:12]} 50. Rc3
{[%clk 0:00:06]} Ke7 {[%clk 0:00:12]} 51. Rc6 {[%clk 0:00:07]} Kd7
{[%clk 0:00:13]} 52. Rc2 {[%clk 0:00:06]} Ra3 {[%clk 0:00:13]} 53. Kg2
{[%clk 0:00:06]} a4 {[%clk 0:00:13]} 54. d5 {[%clk 0:00:07]} exd5
{[%clk 0:00:12]} 55. Rxd5 {[%clk 0:00:09]} Ke6 {[%clk 0:00:13]} 56. Ra5
{[%clk 0:00:09]} Ra1 {[%clk 0:00:13]} 57. Ra6 {[%clk 0:00:07]} Ke5
{[%clk 0:00:10]} 58. Re2+ {[%clk 0:00:09]} Kd5 {[%clk 0:00:05]} 59. Rd2+ Ke4 60.
Rdxd6 {[%clk 0:00:09]} f3+ {[%clk 0:00:08]} 61. Kh2 {[%clk 0:00:11]} Ra2
{[%clk 0:00:08]} 62. Kg3 {[%clk 0:00:12]} Kd5 1-0

[Event "Blitz 2018"]
[Site "Saint-Petersburg"]
[Date "2018.12.29"]
[Round "8"]
[Board "85"]
[White "Pershin Denis (RUS)"]
[Black "Zakhartsov Vladimir (RUS)"]
[Result "1-0"]
[LiveChessVersion "1.4.8"]
[BlackElo "2567"]
[WhiteElo "2354"]

1. e4 {[%clk 0:03:03]} c5 {[%clk 0:03:04]} 2. Nf3 {[%clk 0:03:04]} d6
{[%clk 0:03:05]} 3. d4 {[%clk 0:03:06]} Nf6 {[%clk 0:03:07]} 4. Nc3
{[%clk 0:03:06]} cxd4 {[%clk 0:03:08]} 5. Nxd4 {[%clk 0:03:07]} a6
{[%clk 0:03:09]} 6. Bg5 {[%clk 0:03:07]} Nbd7 {[%clk 0:03:10]} 7. f4
{[%clk 0:03:08]} Qc7 {[%clk 0:03:11]} 8. Qf3 {[%clk 0:03:09]} b5 {[%clk 0:03:11]}
9. Bd3 {[%clk 0:02:56]} Bb7 {[%clk 0:03:12]} 10. O-O-O {[%clk 0:02:55]} e6
{[%clk 0:03:08]} 11. Rhe1 {[%clk 0:02:53]} Be7 {[%clk 0:03:05]} 12. Qg3
{[%clk 0:02:49]} h6 {[%clk 0:02:57]} 13. Bxf6 {[%clk 0:02:47]} Bxf6
{[%clk 0:02:54]} 14. Bxb5 {[%clk 0:02:46]} axb5 {[%clk 0:02:37]} 15. Ndxb5
{[%clk 0:02:47]} Qb6 {[%clk 0:02:34]} 16. Nxd6+ {[%clk 0:02:43]} Kf8
{[%clk 0:02:35]} 17. e5 {[%clk 0:02:22]} Be7 {[%clk 0:02:28]} 18. Nxf7
{[%clk 0:02:22]} Kxf7 {[%clk 0:02:28]} 19. Rxd7 {[%clk 0:02:23]} Rhe8
{[%clk 0:02:00]} 20. f5 {[%clk 0:01:49]} exf5 {[%clk 0:01:53]} 21. e6+
{[%clk 0:01:50]} Kg8 {[%clk 0:01:50]} 22. Qg6 {[%clk 0:01:51]} Qb4
{[%clk 0:01:12]} 23. a3 {[%clk 0:01:21]} Qh4 {[%clk 0:00:43]} 24. Qf7+
{[%clk 0:00:33]} Kh8 {[%clk 0:00:44]} 25. g3 {[%clk 0:00:34]} Qg5+
{[%clk 0:00:42]} 26. Kb1 {[%clk 0:00:36]} Bc6 {[%clk 0:00:33]} 27. Rc7
{[%clk 0:00:35]} Be4 {[%clk 0:00:16]} 28. Nxe4 {[%clk 0:00:28]} fxe4
{[%clk 0:00:17]} 29. Rxe4 {[%clk 0:00:27]} Bf6 {[%clk 0:00:13]} 30. e7
{[%clk 0:00:18]} Qb5 {[%clk 0:00:14]} 31. Rb4 {[%clk 0:00:13]} Qf1+
{[%clk 0:00:14]} 32. Ka2 {[%clk 0:00:14]} Rxa3+ {[%clk 0:00:08]} 33. Kxa3
{[%clk 0:00:13]} Qa1+ {[%clk 0:00:06]} 34. Kb3 {[%clk 0:00:14]} Qxb2+
{[%clk 0:00:07]} 35. Kc4 {[%clk 0:00:15]} Qc3+ {[%clk 0:00:07]} 36. Kd5
{[%clk 0:00:15]} Qe5+ {[%clk 0:00:04]} 37. Kc6 {[%clk 0:00:16]} Ra8
{[%clk 0:00:04]} 38. Qf8+ {[%clk 0:00:15]} Kh7 {[%clk 0:00:03]} 39. Qxa8
{[%clk 0:00:16]} Qe6+ {[%clk 0:00:04]} 40. Kb7 {[%clk 0:00:16]} Qd5+
{[%clk 0:00:05]} 41. Kb8 {[%clk 0:00:14]} Qg8+ {[%clk 0:00:04]} 42. Rc8
{[%clk 0:00:14]} Be5+ {[%clk 0:00:04]} 43. Ka7 {[%clk 0:00:14]} Qa2+
{[%clk 0:00:05]} 44. Kb7 {[%clk 0:00:14]} Qd5+ {[%clk 0:00:06]} 45. Ka6
{[%clk 0:00:13]} Qa2+ {[%clk 0:00:06]} 46. Kb5 {[%clk 0:00:13]} Qe6
{[%clk 0:00:05]} 47. Qe4+ {[%clk 0:00:13]} g6 {[%clk 0:00:05]} 48. e8=Q
{[%clk 0:00:12]} 1-0

[Event "Blitz 2018"]
[Site "Saint-Petersburg"]
[Date "2018.12.29"]
[Round "8"]
[Board "86"]
[White "Teske Henrik (GER)"]
[Black "Hirneise Jens (GER)"]
[Result "0-1"]
[LiveChessVersion "1.4.8"]
[BlackElo "2363"]
[WhiteElo "2565"]

1. d4 {[%clk 0:03:02]} Nf6 {[%clk 0:03:03]} 2. Nf3 {[%clk 0:03:02]} g6
{[%clk 0:03:05]} 3. c4 {[%clk 0:03:02]} Bg7 {[%clk 0:03:06]} 4. Nc3
{[%clk 0:03:04]} O-O {[%clk 0:03:06]} 5. e4 {[%clk 0:03:05]} d6 {[%clk 0:03:07]}
6. Be2 {[%clk 0:03:05]} e5 {[%clk 0:03:08]} 7. O-O {[%clk 0:03:04]} exd4
{[%clk 0:03:08]} 8. Nxd4 {[%clk 0:03:05]} Re8 {[%clk 0:03:09]} 9. f3
{[%clk 0:02:53]} Nc6 {[%clk 0:03:09]} 10. Be3 {[%clk 0:02:47]} Nh5
{[%clk 0:03:10]} 11. Nxc6 {[%clk 0:02:34]} bxc6 {[%clk 0:03:10]} 12. Qd2
{[%clk 0:02:30]} c5 {[%clk 0:02:57]} 13. Rad1 {[%clk 0:02:21]} Bb7
{[%clk 0:02:52]} 14. b3 {[%clk 0:02:18]} Bc6 {[%clk 0:02:50]} 15. Nd5
{[%clk 0:02:15]} Nf6 {[%clk 0:02:35]} 16. Bg5 {[%clk 0:02:12]} Bxd5
{[%clk 0:02:32]} 17. cxd5 {[%clk 0:02:11]} Qb8 {[%clk 0:02:28]} 18. a4
{[%clk 0:01:49]} a6 {[%clk 0:02:12]} 19. Rb1 {[%clk 0:01:37]} Qb6
{[%clk 0:02:08]} 20. Bc4 {[%clk 0:01:31]} Nd7 {[%clk 0:02:05]} 21. Be3
{[%clk 0:01:26]} Qb8 {[%clk 0:01:05]} 22. b4 {[%clk 0:01:16]} Qd8
{[%clk 0:00:58]} 23. bxc5 {[%clk 0:01:07]} Nxc5 {[%clk 0:00:52]} 24. a5
{[%clk 0:01:06]} Qd7 {[%clk 0:00:48]} 25. Kh1 {[%clk 0:00:58]} Kh8
{[%clk 0:00:45]} 26. Bg1 {[%clk 0:00:51]} f5 {[%clk 0:00:44]} 27. exf5
{[%clk 0:00:31]} Qxf5 {[%clk 0:00:45]} 28. Bxc5 {[%clk 0:00:27]} dxc5
{[%clk 0:00:46]} 29. Rb7 {[%clk 0:00:28]} Be5 {[%clk 0:00:42]} 30. g3
{[%clk 0:00:22]} Bd6 {[%clk 0:00:42]} 31. Qd3 {[%clk 0:00:23]} Qxd3
{[%clk 0:00:39]} 32. Bxd3 {[%clk 0:00:24]} Re3 {[%clk 0:00:40]} 33. Be4
{[%clk 0:00:20]} Ra3 {[%clk 0:00:40]} 34. h4 {[%clk 0:00:16]} Rxa5
{[%clk 0:00:38]} 35. Kg2 {[%clk 0:00:17]} Ra2+ {[%clk 0:00:38]} 36. Kh3
{[%clk 0:00:17]} a5 {[%clk 0:00:39]} 37. Rfb1 {[%clk 0:00:12]} a4
{[%clk 0:00:37]} 38. Rb8+ {[%clk 0:00:11]} Rxb8 {[%clk 0:00:38]} 39. Rxb8+
{[%clk 0:00:13]} Kg7 {[%clk 0:00:40]} 40. Kg4 {[%clk 0:00:12]} a3
{[%clk 0:00:39]} 41. Ra8 {[%clk 0:00:13]} c4 {[%clk 0:00:41]} 42. h5
{[%clk 0:00:10]} gxh5+ {[%clk 0:00:39]} 43. Kxh5 {[%clk 0:00:11]} c3
{[%clk 0:00:40]} 44. f4 {[%clk 0:00:11]} c2 {[%clk 0:00:41]} 0-1

[Event "Blitz 2018"]
[Site "Saint-Petersburg"]
[Date "2018.12.29"]
[Round "8"]
[Board "87"]
[White "Jumabayev Rinat (KAZ)"]
[Black "Gaifullin Artur (RUS)"]
[Result "1-0"]
[BlackElo "2231"]
[WhiteElo "2554"]
[LiveChessVersion "1.4.8"]

1. e4 {[%clk 0:03:04]} c6 {[%clk 0:03:04]} 2. d4 d5 3. exd5 {[%clk 0:03:04]} cxd5
{[%clk 0:03:07]} 4. Bd3 {[%clk 0:03:05]} Nc6 {[%clk 0:03:08]} 5. c3
{[%clk 0:03:05]} Qc7 {[%clk 0:03:09]} 6. h3 {[%clk 0:03:06]} g6 {[%clk 0:03:08]}
7. Nf3 {[%clk 0:03:07]} Bg7 {[%clk 0:03:09]} 8. O-O {[%clk 0:03:07]} Nf6
{[%clk 0:03:10]} 9. Re1 {[%clk 0:03:06]} O-O {[%clk 0:03:11]} 10. a4
{[%clk 0:03:03]} a6 {[%clk 0:03:11]} 11. Na3 {[%clk 0:03:04]} Bd7
{[%clk 0:03:05]} 12. Bd2 {[%clk 0:02:49]} Rae8 {[%clk 0:03:00]} 13. Qc1
{[%clk 0:02:48]} Na5 {[%clk 0:02:34]} 14. Bc2 {[%clk 0:02:35]} Bf5
{[%clk 0:02:29]} 15. Bf4 {[%clk 0:02:29]} Qc8 {[%clk 0:02:25]} 16. Be5
{[%clk 0:02:23]} Bxc2 {[%clk 0:02:22]} 17. Qxc2 {[%clk 0:02:24]} Nc6
{[%clk 0:02:23]} 18. Qb3 {[%clk 0:02:17]} Qd7 {[%clk 0:02:12]} 19. Nc2
{[%clk 0:01:55]} e6 {[%clk 0:02:04]} 20. Rad1 {[%clk 0:01:44]} Rc8
{[%clk 0:01:57]} 21. Ne3 {[%clk 0:01:40]} Nxe5 {[%clk 0:01:34]} 22. dxe5
{[%clk 0:01:38]} Ne4 {[%clk 0:01:27]} 23. Nxd5 {[%clk 0:01:32]} Nc5
{[%clk 0:00:34]} 24. Nf6+ {[%clk 0:01:15]} Bxf6 {[%clk 0:00:32]} 25. Rxd7
{[%clk 0:01:15]} Nxb3 {[%clk 0:00:33]} 26. exf6 {[%clk 0:01:16]} Nc5
{[%clk 0:00:34]} 27. Re7 {[%clk 0:01:17]} Nxa4 {[%clk 0:00:33]} 28. Rxb7
{[%clk 0:01:05]} Rb8 {[%clk 0:00:34]} 29. Rxb8 {[%clk 0:01:01]} Rxb8
{[%clk 0:00:36]} 30. Ra1 {[%clk 0:01:03]} Nxb2 {[%clk 0:00:31]} 31. Rxa6
{[%clk 0:01:03]} Nd3 {[%clk 0:00:32]} 32. Ra7 {[%clk 0:00:41]} h6
{[%clk 0:00:27]} 33. Rd7 {[%clk 0:00:41]} Nc5 {[%clk 0:00:27]} 34. Rc7
{[%clk 0:00:41]} Ne4 {[%clk 0:00:28]} 35. Ne5 {[%clk 0:00:43]} Rf8
{[%clk 0:00:27]} 36. Nd7 {[%clk 0:00:43]} Rd8 {[%clk 0:00:27]} 37. c4
{[%clk 0:00:44]} Nd6 {[%clk 0:00:18]} 38. c5 {[%clk 0:00:43]} Ne8
{[%clk 0:00:11]} 39. Rb7 {[%clk 0:00:44]} Rc8 {[%clk 0:00:10]} 40. h4
{[%clk 0:00:45]} g5 {[%clk 0:00:09]} 41. h5 {[%clk 0:00:46]} e5 {[%clk 0:00:06]}
42. f3 {[%clk 0:00:47]} Kh7 {[%clk 0:00:04]} 43. Kf2 {[%clk 0:00:43]} Rc6
{[%clk 0:00:00]} 1-0

[Event "Blitz 2018"]
[Site "Saint-Petersburg"]
[Date "2018.12.29"]
[Round "8"]
[Board "88"]
[White "Gurvich Vitaly (RUS)"]
[Black "Iljin Artem (RUS)"]
[Result "1-0"]
[BlackElo "2525"]
[WhiteElo "2302"]
[LiveChessVersion "1.4.8"]

1. c4 {[%clk 0:03:02]} e6 {[%clk 0:03:01]} 2. d4 {[%clk 0:03:03]} Nf6
{[%clk 0:02:59]} 3. Nf3 {[%clk 0:03:02]} Bb4+ {[%clk 0:02:59]} 4. Bd2
{[%clk 0:03:03]} Qe7 {[%clk 0:03:00]} 5. g3 {[%clk 0:03:03]} O-O {[%clk 0:03:00]}
6. Bg2 {[%clk 0:03:03]} Bxd2+ {[%clk 0:03:00]} 7. Qxd2 {[%clk 0:03:03]} d6
{[%clk 0:03:01]} 8. Nc3 {[%clk 0:03:00]} e5 {[%clk 0:03:01]} 9. O-O
{[%clk 0:02:58]} Re8 {[%clk 0:03:01]} 10. dxe5 {[%clk 0:02:33]} dxe5
{[%clk 0:03:01]} 11. Nd5 {[%clk 0:02:33]} Qd8 {[%clk 0:02:19]} 12. Rfd1
{[%clk 0:02:23]} c6 {[%clk 0:02:17]} 13. Nxf6+ {[%clk 0:02:23]} Qxf6
{[%clk 0:02:17]} 14. Qd6 {[%clk 0:02:22]} Qxd6 {[%clk 0:01:39]} 15. Rxd6
{[%clk 0:02:22]} f6 {[%clk 0:01:36]} 16. Nd2 {[%clk 0:02:13]} Na6
{[%clk 0:01:21]} 17. Ne4 {[%clk 0:02:10]} Be6 {[%clk 0:00:59]} 18. b3
{[%clk 0:02:09]} Kf7 {[%clk 0:00:58]} 19. Rad1 {[%clk 0:02:00]} Ke7
{[%clk 0:00:58]} 20. R6d2 {[%clk 0:01:57]} Rab8 {[%clk 0:00:22]} 21. f4
{[%clk 0:01:46]} exf4 {[%clk 0:00:18]} 22. gxf4 {[%clk 0:01:47]} Nc7
{[%clk 0:00:11]} 23. Nc5 {[%clk 0:01:39]} Bc8 {[%clk 0:00:04]} 24. Rd7+
{[%clk 0:01:19]} Bxd7 {[%clk 0:00:04]} 25. Rxd7+ {[%clk 0:01:20]} Kf8
{[%clk 0:00:05]} 26. Rxc7 {[%clk 0:01:21]} Rbd8 {[%clk 0:00:05]} 27. Bf3
{[%clk 0:00:55]} Rd2 {[%clk 0:00:04]} 28. Rxb7 {[%clk 0:00:46]} Rxa2
{[%clk 0:00:05]} 29. Kf2 Kg8 30. Rc7 {[%clk 0:00:27]} Rb2 {[%clk 0:00:06]} 31.
Rxc6 {[%clk 0:00:24]} a5 {[%clk 0:00:07]} 32. Ra6 {[%clk 0:00:24]} Ra2
{[%clk 0:00:06]} 33. Nd3 {[%clk 0:00:18]} Rb8 {[%clk 0:00:06]} 34. c5
{[%clk 0:00:19]} Kf8 {[%clk 0:00:05]} 35. c6 {[%clk 0:00:15]} Ke7
{[%clk 0:00:06]} 36. Ra7+ {[%clk 0:00:12]} Kd6 {[%clk 0:00:07]} 37. Rd7+
{[%clk 0:00:11]} Ke6 {[%clk 0:00:07]} 38. Nc5+ {[%clk 0:00:10]} Kf5
{[%clk 0:00:08]} 39. Kg3 {[%clk 0:00:08]} Rb5 {[%clk 0:00:07]} 40. Rd5+
{[%clk 0:00:07]} Kg6 {[%clk 0:00:07]} 41. c7 {[%clk 0:00:07]} 1-0

[Event "Blitz 2018"]
[Site "Saint-Petersburg"]
[Date "2018.12.29"]
[Round "8"]
[Board "89"]
[White "Minko Vladimir (RUS)"]
[Black "Anikonov Dmitry (RUS)"]
[Result "0-1"]
[BlackElo "2511"]
[WhiteElo "2403"]
[LiveChessVersion "1.4.8"]

1. d4 {[%clk 0:03:02]} Nf6 {[%clk 0:03:01]} 2. c4 {[%clk 0:03:03]} e6
{[%clk 0:03:02]} 3. Nf3 {[%clk 0:03:03]} c5 {[%clk 0:03:00]} 4. Nc3
{[%clk 0:02:56]} cxd4 {[%clk 0:02:59]} 5. Nxd4 {[%clk 0:02:56]} d5
{[%clk 0:02:59]} 6. g3 {[%clk 0:02:27]} e5 {[%clk 0:02:58]} 7. Nb3
{[%clk 0:02:22]} d4 {[%clk 0:02:58]} 8. Nb1 {[%clk 0:02:20]} Nc6 {[%clk 0:02:55]}
9. Bg2 {[%clk 0:02:21]} Be6 {[%clk 0:02:49]} 10. N1d2 {[%clk 0:02:11]} Be7
{[%clk 0:02:49]} 11. O-O {[%clk 0:02:10]} O-O {[%clk 0:02:49]} 12. a3
{[%clk 0:01:50]} Rc8 {[%clk 0:02:49]} 13. Qc2 {[%clk 0:01:43]} Qd7
{[%clk 0:02:49]} 14. Rd1 {[%clk 0:01:42]} Rfd8 {[%clk 0:02:28]} 15. Nf3
{[%clk 0:01:29]} Bf5 {[%clk 0:01:58]} 16. Qd2 {[%clk 0:01:21]} Qe6
{[%clk 0:01:59]} 17. Na5 {[%clk 0:01:15]} Ne4 {[%clk 0:01:26]} 18. Qe1
{[%clk 0:01:14]} b6 {[%clk 0:01:10]} 19. Nxc6 {[%clk 0:01:11]} Rxc6
{[%clk 0:01:11]} 20. b3 {[%clk 0:00:36]} Nc3 {[%clk 0:00:54]} 21. Rd2
{[%clk 0:00:37]} Rcc8 {[%clk 0:00:50]} 22. Bb2 {[%clk 0:00:37]} Ne4
{[%clk 0:00:51]} 23. Rdd1 {[%clk 0:00:35]} Nc5 {[%clk 0:00:52]} 24. Nd2
{[%clk 0:00:34]} e4 {[%clk 0:00:53]} 25. b4 {[%clk 0:00:33]} Na4 {[%clk 0:00:54]}
26. Ra2 {[%clk 0:00:27]} e3 {[%clk 0:00:51]} 27. Nf3 {[%clk 0:00:18]} Qxc4
{[%clk 0:00:46]} 28. Nxd4 {[%clk 0:00:12]} Qxa2 {[%clk 0:00:29]} 29. Nxf5
{[%clk 0:00:12]} Bf8 {[%clk 0:00:30]} 30. Bd4 {[%clk 0:00:08]} exf2+
{[%clk 0:00:20]} 31. Qxf2 {[%clk 0:00:08]} Nc3 {[%clk 0:00:19]} 32. Re1
{[%clk 0:00:09]} Re8 {[%clk 0:00:13]} 33. Bf3 {[%clk 0:00:10]} Nb5
{[%clk 0:00:14]} 34. Ba1 {[%clk 0:00:10]} Rc2 {[%clk 0:00:13]} 35. g4
{[%clk 0:00:10]} Qc4 {[%clk 0:00:12]} 36. Qh4 {[%clk 0:00:09]} Rc1
{[%clk 0:00:10]} 37. Kg2 {[%clk 0:00:07]} Rxe1 {[%clk 0:00:10]} 38. Qxe1
{[%clk 0:00:07]} Nd6 {[%clk 0:00:10]} 39. Ng3 {[%clk 0:00:07]} Qc2
{[%clk 0:00:10]} 40. Qf2 {[%clk 0:00:07]} Nc4 {[%clk 0:00:11]} 41. Qd4
{[%clk 0:00:08]} Ne3+ {[%clk 0:00:11]} 42. Kh3 {[%clk 0:00:08]} Qd1
{[%clk 0:00:09]} 43. Nf5 {[%clk 0:00:09]} Qxd4 {[%clk 0:00:10]} 44. Bxd4
{[%clk 0:00:09]} Nxf5 {[%clk 0:00:11]} 45. gxf5 {[%clk 0:00:09]} Rd8
{[%clk 0:00:12]} 46. e3 {[%clk 0:00:10]} Be7 {[%clk 0:00:13]} 47. Kg3
{[%clk 0:00:08]} Bf6 {[%clk 0:00:15]} 48. Bxf6 {[%clk 0:00:07]} gxf6
{[%clk 0:00:16]} 49. a4 {[%clk 0:00:06]} Rd3 {[%clk 0:00:16]} 50. a5
{[%clk 0:00:06]} bxa5 {[%clk 0:00:17]} 51. bxa5 {[%clk 0:00:07]} Ra3
{[%clk 0:00:17]} 0-1

[Event "Blitz 2018"]
[Site "Saint-Petersburg"]
[Date "2018.12.29"]
[Round "8"]
[Board "90"]
[White "Eliseev Alexei (RUS)"]
[Black "Ovchinnikov Vsevolod (RUS)"]
[Result "1-0"]
[BlackElo "2375"]
[WhiteElo "2486"]
[LiveChessVersion "1.4.8"]

1. c4 {[%clk 0:03:02]} Nf6 {[%clk 0:03:03]} 2. g3 {[%clk 0:03:02]} d5
{[%clk 0:03:04]} 3. cxd5 {[%clk 0:03:03]} Nxd5 {[%clk 0:03:05]} 4. Bg2
{[%clk 0:03:03]} Nb6 {[%clk 0:03:06]} 5. Nc3 {[%clk 0:03:02]} g6 {[%clk 0:03:07]}
6. h4 {[%clk 0:03:03]} Bg7 {[%clk 0:03:03]} 7. h5 {[%clk 0:03:04]} Nc6
{[%clk 0:03:04]} 8. d3 {[%clk 0:03:04]} Bg4 {[%clk 0:02:57]} 9. hxg6
{[%clk 0:02:56]} hxg6 {[%clk 0:02:58]} 10. Rxh8+ {[%clk 0:02:57]} Bxh8
{[%clk 0:02:59]} 11. Bxc6+ {[%clk 0:02:49]} bxc6 {[%clk 0:02:59]} 12. Bd2
{[%clk 0:02:46]} Qd7 {[%clk 0:02:02]} 13. Qc2 {[%clk 0:02:47]} Bd4
{[%clk 0:01:45]} 14. Ne4 {[%clk 0:02:27]} Bf5 {[%clk 0:01:19]} 15. Bc3
{[%clk 0:02:12]} Bxe4 {[%clk 0:00:53]} 16. Bxd4 {[%clk 0:02:13]} Qxd4
{[%clk 0:00:46]} 17. dxe4 {[%clk 0:02:13]} Qb4+ {[%clk 0:00:33]} 18. Kf1
{[%clk 0:02:14]} Qc4 {[%clk 0:00:20]} 19. Rc1 {[%clk 0:01:47]} Qxc2
{[%clk 0:00:21]} 20. Rxc2 {[%clk 0:01:49]} O-O-O {[%clk 0:00:19]} 21. Nf3
{[%clk 0:01:47]} f6 {[%clk 0:00:14]} 22. Rxc6 {[%clk 0:01:43]} Rd1+
{[%clk 0:00:14]} 23. Kg2 {[%clk 0:01:44]} Ra1 {[%clk 0:00:12]} 24. a3
{[%clk 0:01:39]} Rb1 {[%clk 0:00:11]} 25. Rc2 {[%clk 0:01:32]} Na4
{[%clk 0:00:10]} 26. b4 {[%clk 0:01:30]} e5 {[%clk 0:00:04]} 27. Nd2
{[%clk 0:01:25]} Nb6 1-0

[Event "Blitz 2018"]
[Site "Saint-Petersburg"]
[Date "2018.12.29"]
[Round "8"]
[Board "91"]
[White "Hirneise Tobias (GER)"]
[Black "Fakhrutdinov Timur (RUS)"]
[Result "0-1"]
[BlackElo "2357"]
[WhiteElo "2472"]
[LiveChessVersion "1.4.8"]

1. e4 {[%clk 0:03:03]} e5 {[%clk 0:03:03]} 2. Nf3 {[%clk 0:03:04]} Nc6
{[%clk 0:03:05]} 3. Bb5 {[%clk 0:03:06]} Nf6 {[%clk 0:03:06]} 4. O-O
{[%clk 0:03:04]} Nxe4 {[%clk 0:03:06]} 5. d4 {[%clk 0:03:06]} Nd6
{[%clk 0:03:06]} 6. dxe5 {[%clk 0:03:07]} Nxb5 7. a4 Nbd4 {[%clk 0:03:07]} 8.
Nxd4 {[%clk 0:03:10]} d6 {[%clk 0:03:08]} 9. Nxc6 {[%clk 0:03:03]} bxc6
{[%clk 0:03:08]} 10. Qf3 {[%clk 0:03:04]} dxe5 {[%clk 0:03:07]} 11. Qxc6+
{[%clk 0:03:04]} Bd7 {[%clk 0:03:08]} 12. Qc3 {[%clk 0:03:03]} Bd6
{[%clk 0:03:04]} 13. Be3 {[%clk 0:03:00]} O-O 14. Nd2 f5 {[%clk 0:02:29]} 15. Bc5
{[%clk 0:02:52]} Qe7 {[%clk 0:02:04]} 16. Nb3 {[%clk 0:02:52]} f4
{[%clk 0:01:16]} 17. f3 {[%clk 0:02:54]} Rf6 {[%clk 0:01:17]} 18. Kh1
{[%clk 0:02:27]} Raf8 {[%clk 0:01:09]} 19. Rad1 {[%clk 0:02:25]} Rh6
{[%clk 0:01:02]} 20. Bg1 {[%clk 0:02:23]} Rf5 {[%clk 0:00:40]} 21. Nc5
{[%clk 0:01:44]} Be8 {[%clk 0:00:37]} 22. Ne4 {[%clk 0:01:24]} Rfh5
{[%clk 0:00:37]} 23. Nf2 {[%clk 0:01:22]} Bd7 {[%clk 0:00:25]} 24. Qb3+
{[%clk 0:01:20]} Be6 {[%clk 0:00:21]} 25. Qb8+ {[%clk 0:01:04]} Kf7
{[%clk 0:00:22]} 26. c4 {[%clk 0:00:48]} Bc5 {[%clk 0:00:20]} 27. Qd8
{[%clk 0:00:42]} Qxd8 {[%clk 0:00:17]} 28. Rxd8 {[%clk 0:00:43]} Bxc4
{[%clk 0:00:09]} 29. Ng4 {[%clk 0:00:31]} Bxf1 {[%clk 0:00:06]} 30. Nxh6+
{[%clk 0:00:29]} Rxh6 {[%clk 0:00:07]} 31. Bxc5 {[%clk 0:00:31]} Rc6
{[%clk 0:00:06]} 32. b4 {[%clk 0:00:32]} a5 {[%clk 0:00:06]} 33. Rd1
{[%clk 0:00:30]} axb4 {[%clk 0:00:04]} 34. Bxb4 {[%clk 0:00:31]} Ba6
{[%clk 0:00:05]} 35. h3 {[%clk 0:00:29]} Ke6 {[%clk 0:00:05]} 36. Re1
{[%clk 0:00:28]} Rc4 {[%clk 0:00:05]} 37. Bf8 {[%clk 0:00:29]} g6
{[%clk 0:00:05]} 38. Bg7 {[%clk 0:00:30]} Rc5 39. Kh2 Bd3 {[%clk 0:00:05]} 40.
Ra1 {[%clk 0:00:32]} Ra5 {[%clk 0:00:05]} 41. Ra3 {[%clk 0:00:23]} Ba6
{[%clk 0:00:05]} 42. Rc3 {[%clk 0:00:22]} c5 {[%clk 0:00:05]} 43. Rc1
{[%clk 0:00:20]} c4 {[%clk 0:00:06]} 44. Re1 {[%clk 0:00:10]} c3 45. Rc1 Rc5
{[%clk 0:00:07]} 46. Bf8 {[%clk 0:00:12]} Rc6 {[%clk 0:00:06]} 47. Bb4
{[%clk 0:00:11]} c2 {[%clk 0:00:07]} 48. Bd2 {[%clk 0:00:10]} Kd5
{[%clk 0:00:08]} 49. Kg1 {[%clk 0:00:11]} Kd4 {[%clk 0:00:09]} 50. Kf2
{[%clk 0:00:13]} Kd3 {[%clk 0:00:11]} 51. Ke1 {[%clk 0:00:13]} Rc4
{[%clk 0:00:10]} 52. Ra1 {[%clk 0:00:15]} e4 {[%clk 0:00:06]} 53. Ra3+
{[%clk 0:00:11]} Kd4 {[%clk 0:00:07]} 54. Bc1 {[%clk 0:00:09]} e3
{[%clk 0:00:08]} 55. Bb2+ {[%clk 0:00:09]} Kd5 {[%clk 0:00:07]} 56. Bc1
{[%clk 0:00:11]} Rd4 {[%clk 0:00:07]} 0-1